000
00209 a2200097 4500
001
49678
100
_a
Blair
245
_a
College Athology
260
_a
Scott, Foresm & Co
_b
Chienge
_c
090
_c
32189
_d
32189
942
_a
NUST-CAE
_c
M
_c
24657
999
_c
284751
_d
284751